000 00561cam a2200145 4500500
005 20260208005828.0
041 _afre
042 _adc
100 1 0 _aPernot, Denis
_eauthor
245 0 0 _aLÉON BLOY, Je m’accuse… Éd. MICHÈLE FONTANA. Jaignes, La Chasse au Snark, 2003,187 p.
260 _c2005.
500 _a27
786 0 _nRevue d'histoire littéraire de la France | 105 | 3 | 2005-06-01 | p. 655zz-764zz | 0035-2411
856 4 1 _uhttps://shs.cairn.info/revue-d-histoire-litteraire-de-la-france-2005-3-page-655zz?lang=fr&redirect-ssocas=7080
999 _c1653986
_d1653986